| 000 | 00591nam a2200193 a 4500 | ||
|---|---|---|---|
| 005 | 20210219152821.0 | ||
| 008 | 991125n 000 0 por u | ||
| 035 | _aUPN01000062311 | ||
| 100 | 1 | _aMAFRA, NĂºbio Delanne Ferraz | |
| 222 | _aCONTEXTO & EDUCACAO : REVISTA DE EDUCAON EN AMERICA LATINA Y EL CARIBE | ||
| 245 | _aA literatura de massa como iniciacao a leitura adolescente | ||
| 300 | _a76-93 | ||
| 362 | 0 | _a1997 No. 6, jul."11 (45)" | |
| 653 | 0 | _aADOLESCENTES | |
| 653 | 0 | _aHABITOS DE LECTURA | |
| 653 | 0 | _aLITERATURA DE MASAS | |
| 904 |
_aAC _b000122 |
||
| 905 | _aArticulo | ||
| 999 |
_c61646 _d61646 |
||